000 00470nam a2200181Ia 4500
008 100920s9999 xx 000 0 und d
082 _b28758
_a61 0
100 _aमधुकर.
245 _aरिंगण.
260 _b---
_c0
300 _a176
_bसाधी
365 _b5
520 _aस्थानिक वाचन.
630 _aरिंगण.
650 _aस्थानिक वाचन.
730 _aरिंगण.
942 _cBOOK
999 _c684911
_d684908